Govt. of
Madhya Pradesh

The Administrative Tribunals Act,1985 (Act 13 of 1985) (Record no. 68236)

MARC details
000 -LEADER
fixed length control field 00291nam a22001097a 4500
082 ## - DEWEY DECIMAL CLASSIFICATION NUMBER
Classification number 340
100 ## - MAIN ENTRY--AUTHOR NAME
Personal name Garg,Sandeep
245 ## - TITLE STATEMENT
Title The Administrative Tribunals Act,1985 (Act 13 of 1985)
260 ## - PUBLICATION, DISTRIBUTION, ETC. (IMPRINT)
Place of publication Delhi
Name of publisher Commercial Law Publication
Year of publication 2025
650 ## - SUBJECT ADDED ENTRY--TOPICAL TERM
Topical Term LAW
942 ## - ADDED ENTRY ELEMENTS (KOHA)
Koha item type Competitive Books
Holdings
Withdrawn status Lost status Damaged status Not for loan Home library Current library Date acquired Cost, normal purchase price Full call number Accession Number Price effective from Koha item type
        MACL MACL 09/10/2025 60.00 340 DPI003900 09/10/2025 Competitive Books